<?xml version="1.0" encoding="UTF-8"?><?xml-stylesheet type="text/xsl" href="static/style.xsl"?><OAI-PMH xmlns="http://www.openarchives.org/OAI/2.0/" xmlns:xsi="http://www.w3.org/2001/XMLSchema-instance" xsi:schemaLocation="http://www.openarchives.org/OAI/2.0/ http://www.openarchives.org/OAI/2.0/OAI-PMH.xsd"><responseDate>2026-06-01T09:55:48Z</responseDate><request verb="GetRecord" identifier="oai:riuma.uma.es:10630/39244" metadataPrefix="marc">https://riuma.uma.es/rest/oai/request</request><GetRecord><record><header><identifier>oai:riuma.uma.es:10630/39244</identifier><datestamp>2026-02-03T11:33:30Z</datestamp><setSpec>com_10630_2254</setSpec><setSpec>col_10630_37953</setSpec></header><metadata><record xmlns="http://www.loc.gov/MARC21/slim" xmlns:dcterms="http://purl.org/dc/terms/" xmlns:doc="http://www.lyncode.com/xoai" xmlns:xsi="http://www.w3.org/2001/XMLSchema-instance" xsi:schemaLocation="http://www.loc.gov/MARC21/slim http://www.loc.gov/standards/marcxml/schema/MARC21slim.xsd">
   <leader>00925njm 22002777a 4500</leader>
   <datafield ind2=" " ind1=" " tag="042">
      <subfield code="a">dc</subfield>
   </datafield>
   <datafield ind2=" " ind1=" " tag="720">
      <subfield code="a">Serrano Gutiérrez, Pablo</subfield>
      <subfield code="e">author</subfield>
   </datafield>
   <datafield ind2=" " ind1=" " tag="720">
      <subfield code="a">Ayala-Viñas, Inmaculada</subfield>
      <subfield code="e">author</subfield>
   </datafield>
   <datafield ind2=" " ind1=" " tag="720">
      <subfield code="a">Fuentes-Fernández, Lidia</subfield>
      <subfield code="e">author</subfield>
   </datafield>
   <datafield ind2=" " ind1=" " tag="260">
      <subfield code="c">2025-06</subfield>
   </datafield>
   <datafield ind2=" " ind1=" " tag="520">
      <subfield code="a">Context:&#xd;
The increasing environmental impact of Information and Communication Technologies (ICTs), particularly the energy consumption associated with serverless applications, necessitates the development of methodologies to optimize energy efficiency. This study addresses the need for energy-aware design and runtime adaptation in serverless architectures.&#xd;
Objective:&#xd;
To develop and validate a methodology that integrates energy monitoring into the development and runtime management of serverless applications, thereby enabling significant reductions in energy consumption while maintaining functionality.&#xd;
Methods:&#xd;
A new version of FUSPAQ, a framework for the optimization of serverless applications, was developed. This version incorporates tools like Kepler for real-time energy monitoring and employs an energy-aware orchestration mechanism to dynamically select energy-efficient function configurations. Validation was conducted through a facial recognition case study and benchmark experiments, comparing energy consumption across different scenarios with and without the proposed adaptations.&#xd;
Results:&#xd;
The enhanced FUSPAQ framework successfully integrated energy consumption metrics into the decision-making process for function selection and runtime adaptation. Benchmark tests confirmed the scalability of the solution, with energy-efficient outcomes even in complex applications.&#xd;
Conclusion:&#xd;
The study highlights the potential of integrating energy-aware practices in serverless applications, presenting a scalable and practical approach to reducing their environmental footprint. By leveraging tools like Kepler and frameworks like FUSPAQ, developers can achieve significant energy savings without compromising application performance. This work contributes to the advancement of Green Software Engineering by emphasizing runtime energy adaptation in Function-as-a-Service (FaaS) architectures.</subfield>
   </datafield>
   <datafield ind1="8" ind2=" " tag="024">
      <subfield code="a">Pablo Serrano-Gutierrez, Inmaculada Ayala, Lidia Fuentes, Integrating energy consumption in the development of serverless applications, Information and Software Technology, Volume 186, 2025, 107819, ISSN 0950-5849, https://doi.org/10.1016/j.infsof.2025.107819. (https://www.sciencedirect.com/science/article/pii/S0950584925001582)</subfield>
   </datafield>
   <datafield ind1="8" ind2=" " tag="024">
      <subfield code="a">https://hdl.handle.net/10630/39244</subfield>
   </datafield>
   <datafield ind1="8" ind2=" " tag="024">
      <subfield code="a">10.1016/j.infsof.2025.107819</subfield>
   </datafield>
   <datafield tag="653" ind2=" " ind1=" ">
      <subfield code="a">Ingeniería del software</subfield>
   </datafield>
   <datafield tag="653" ind2=" " ind1=" ">
      <subfield code="a">Ingeniería sostenible</subfield>
   </datafield>
   <datafield tag="653" ind2=" " ind1=" ">
      <subfield code="a">Energía</subfield>
   </datafield>
   <datafield tag="653" ind2=" " ind1=" ">
      <subfield code="a">Sistemas adaptativos</subfield>
   </datafield>
   <datafield tag="653" ind2=" " ind1=" ">
      <subfield code="a">Consumo de energía</subfield>
   </datafield>
   <datafield ind2="0" ind1="0" tag="245">
      <subfield code="a">Integrating energy consumption in the development of serverless applications</subfield>
   </datafield>
</record>
</metadata></record></GetRecord></OAI-PMH>